000 01264nam a2200337Ia 4500
001 ebr10606032
003 CaPaEBR
006 m u
007 cr cn|||||||||
008 120710s2012 enka sb 001 0 eng d
010 _z 2012027882
020 _z9781118404232
020 _z9781119990116 (hardback)
040 _aCaPaEBR
_cCaPaEBR
035 _a(OCoLC)800722001
050 1 4 _aRA1051
_b.K54 2012eb
082 0 4 _a617.1
_223
100 1 _aKieser, Jules.
245 1 0 _aForensic biomechanics
_h[electronic resource] /
_cJules Kieser, Michael Taylor, Debra D. Carr.
260 _aChichester, West Sussex, UK :
_bWiley-Blackwell,
_c2012.
300 _aviii, 164 p. :
_bill.
504 _aIncludes bibliographical references and index.
533 _aElectronic reproduction.
_bPalo Alto, Calif. :
_cebrary,
_d2011.
_nAvailable via World Wide Web.
_nAccess may be limited to ebrary affiliated libraries.
650 0 _aHuman mechanics.
650 0 _aBiomechanics.
655 7 _aElectronic books.
_2local
700 1 _aTaylor, Michael,
_d1953 Sept. 18-
700 1 _aCarr, Debra D.
710 2 _aebrary, Inc.
856 4 0 _uhttp://site.ebrary.com/lib/rucke/Doc?id=10606032
_zAn electronic book accessible through the World Wide Web; click to view
999 _c96706
_d96706